000 00945nam0a2200301 4500
001 RU\NLR\bibl\146590
005 20260405085306.0
010 _a5-05-004685-8
_965000
021 _aRU
_b98-20638
_9670
035 _a(NLR Aleph) 000143640
090 _a822789
_c822789
100 _a20010405d1998 |||y0rusy50 ca
101 1 _arus
_ceng
102 _aRU
105 _ay |||||||||
200 1 _aНянька поневоле
_eРоман
_fКэтрин Росс
_gПер. с англ. [А. Фартушной]
210 _aМ.
_cРадуга
_d1998
215 _a186,[1] с.
_d16
225 1 _aЛюбовный роман
_v221
686 _aШ6(4Вл)67-440.4
700 1 _4070
_8rus
_7ca
_aРосс
_bК.
_f1966-
_gКэтрин
_3RU\NLR\AUTH\7731307
_914317
801 0 _aRU
_bNLR
_c20010405
_gPSBO
801 1 _aRU
_bNLR
_c20010405
852 _aNLR
_j2000-2/3293
942 _cBOOK
980 _aNB